000 00553cam a2200193 i 4500
001 20978982
005 20241118165424.0
008 190518s2018 gh b 001 0 eng
020 _a9789988278571
050 0 0 _aKRX540
_b.O34 2018
100 1 _aOffei, William E.,
_eauthor.
245 1 0 _aFamily law in Ghana /
_cWilliam E. Offei.
250 _aFifth edition.
260 _aAccra-North, Ghana
_bWilliam E. Offei
_c2018
300 _axx, 501 pages ;
_c22 cm
500 _aIncludes Index
650 0 _aDomestic relations
_zGhana.
942 _2lcc
_cBK
_n0
999 _c1300
_d1300